| 000 | 00890nam a2200313 a 4500 | ||
|---|---|---|---|
| 003 | AR-BaBNM | ||
| 005 | 20251128202727.0 | ||
| 008 | 082120s2002 ||||||||||||||000 | spa|| | ||
| 040 | _cAR-BaBNM | ||
| 100 | 1 | _aMoreno, Eduardo | |
| 245 | 0 | 0 |
_aNoches de luna bohemia _bpoesías |
| 250 | _a1ª ed. | ||
| 260 |
_aBuenos Aires _bEdiciones Ronda de Ases _c1957 |
||
| 300 |
_a128 p. _bil. |
||
| 650 | 4 | _aLITERATURA ARGENTINA | |
| 650 | 4 | _aPOESIA | |
| 650 | 4 | _aLITERATURA CONTEMPORANEA | |
| 650 | 4 | _aBARRIOS | |
| 650 | 4 | _aCOSTUMBRES Y TRADICIONES | |
| 650 | 4 | _aIDENTIDAD CULTURAL | |
| 651 | 4 | _aBuenos Aires [Capital Federal] | |
| 655 | _aLITERATURA | ||
| 700 | 1 |
_aTiempo, César _eprologuista |
|
| 700 | 1 |
_aZamacois, Eduardo _eprologuista |
|
| 700 | 1 |
_aSoiza Reilly, Juan José de _eprologuista |
|
| 700 | 1 |
_aBlomberg, Héctor Pedro _eprologuista |
|
| 942 | _cBK | ||
| 998 | _cMARTIN | ||
| 999 |
_c279 _d279 |
||